Online
Catalog

Sinfonía de ideas en 4 movimientos / (Record no. 33893)

MARC details
000 -CABECERA
campo de control de longitud fija 01115nam a2200301 i 4500
001 - NÚMERO DE CONTROL
campo de control 000034402
003 - IDENTIFICADOR DEL NÚMERO DE CONTROL
campo de control DO-SdBNP
005 - FECHA Y HORA DE LA ÚLTIMA TRANSACCIÓN
campo de control 20250915092810.0
007 - CAMPO FIJO DE DESCRIPCIÓN FÍSICA--INFORMACIÓN GENERAL
campo de control de longitud fija ta
008 - DATOS DE LONGITUD FIJA--INFORMACIÓN GENERAL
campo de control de longitud fija 111004s2006 dr ac r 000 0 spa d
020 ## - NÚMERO INTERNACIONAL ESTÁNDAR DEL LIBRO
Número Internacional Estándar del Libro 999343082X
040 ## - FUENTE DE LA CATALOGACIÓN
Centro catalogador/agencia de origen DO-SdBNP
Lengua de catalogación spa
Centro/agencia transcriptor BNPHU
Normas de descripción rda
041 ## - CÓDIGO DE LENGUA
Código de lengua del texto/banda sonora o título independiente spa
082 #4 - NÚMERO DE LA CLASIFICACIÓN DECIMAL DEWEY
Número de clasificación xxxx
Número de documento/Ítem P438s
Número de edición 22
100 1# - ENTRADA PRINCIPAL--NOMBRE DE PERSONA
Nombre de persona Pérez Cuello, Catana de,
Fechas asociadas al nombre 1948-
Término indicativo de función/relación autor
Código de función/relación aut.
9 (RLIN) 59827
245 10 - MENCIÓN DE TÍTULO
Título Sinfonía de ideas en 4 movimientos /
Mención de responsabilidad, etc. Catana Pérez de Cuello ; prólogo, Julio de Windt.
264 #4 - PRODUCCIÓN, PUBLICACIÓN, DISTRIBUCIÓN, FABRICACIÓN Y COPYRIGHT
Producción, publicación, distribución, fabricación y copyright Santo Domingo :
Nombre del de productor, editor, distribuidor, fabricante Banco Central de la República Dominicana,
Fecha de producción, publicación, distribución, fabricación o copyright ©2006.
300 ## - DESCRIPCIÓN FÍSICA
Extensión 291 páginas :
Otras características físicas ilustraciones, retratos;
Dimensiones 23 cm.
336 ## - TIPO DE CONTENIDO
Término de tipo de contenido texto
Código de tipo de contenido txt
Fuente rdacontent
337 ## - TIPO DE MEDIO
Nombre/término del tipo de medio sin mediación
Código del tipo de medio n
Fuente rdamedia
338 ## - TIPO DE SOPORTE
Nombre/término del tipo de soporte volumen
Código del tipo de soporte nc
Fuente rdamedia
490 1# - MENCIÓN DE SERIE
Mención de serie Colección del Banco Central de la República Dominicana
Designación de volumen o secuencia 84
490 1# - MENCIÓN DE SERIE
Mención de serie Serie Arte y literatura
Designación de volumen o secuencia 34
590 ## - NOTA LOCAL (RLIN)
Nota local Inventariado, 2018/BT
700 1# - PUNTO DE ACCESO ADICIONAL--NOMBRE DE PERSONA
Nombre de persona Windt, Julio de,
Término indicativo de función/relación prologuista
Código de función/relación pr.
9 (RLIN) 57061
830 #0 - PUNTO DE ACCESO ADICIONAL DE SERIE-TÍTULO UNIFORME
Título uniforme Colección Banco Central de la República Dominicana
Número de parte o sección de la obra 84
Nombre de parte o sección de la obra Serie Arte y Literatura
Número de parte o sección de la obra 34
9 (RLIN) 59828
942 ## - ELEMENTOS DE PUNTO DE ACCESO ADICIONAL (KOHA)
Fuente del sistema de clasificación o colocación Dewey Decimal Classification
Tipo de ítem Koha Libro
Holdings
Estado de retiro Estado de pérdida Fuente del sistema de clasificación o colocación Restricciones de uso No para préstamo Código de colección Localización permanente Ubicación/localización actual Ubicación en estantería Fecha de adquisición Fuente de adquisición Total de préstamos Signatura topográfica completa Código de barras Fecha visto por última vez Número de copia Precio válido a partir de Tipo de ítem Koha
    Dewey Decimal Classification Préstamo en sala   Dominicana de Servicio Biblioteca Nacional Pedro Henríquez Ureña Biblioteca Nacional Pedro Henríquez Ureña En catalogación 04.10.2011 Depósito Legal   BNPHU DS P438s 34402-30 25.06.2020 e. 3 25.06.2020 Libro
    Dewey Decimal Classification Préstamo en sala   Dominicana de Servicio Biblioteca Nacional Pedro Henríquez Ureña Biblioteca Nacional Pedro Henríquez Ureña En catalogación 26.06.2018 Donado por Víctor Hugo   BNPHU DS P438s 34402-40 25.06.2020 e. 4 25.06.2020 Libro
    Dewey Decimal Classification Excluido de préstamo   Patrimonio Dominicano Biblioteca Nacional Pedro Henríquez Ureña Biblioteca Nacional Pedro Henríquez Ureña Extraviado 04.10.2011     BNPHU PD P438s 34402-10 25.06.2020   25.06.2020 Libro
    Dewey Decimal Classification Excluido de préstamo   Patrimonio Dominicano Biblioteca Nacional Pedro Henríquez Ureña Biblioteca Nacional Pedro Henríquez Ureña En catalogación 04.10.2011 Depósito Legal   BNPHU PD P438s 34402-20 25.06.2020 e. 2 25.06.2020 Libro
    Dewey Decimal Classification Préstamo en sala   Dominicana de Servicio Biblioteca Nacional Pedro Henríquez Ureña Biblioteca Nacional Pedro Henríquez Ureña En catalogación 12.09.2025 Donado por el Consejo Nacional de Competibidad   BNPHU DS P438s 2025-9958 12.09.2025 e.5 12.09.2025 Libro

Powered by Koha